LEADER 01233nam a2200289 i 4500 001 000000040884 003 CaOOAMICUS 005 20121003000000.0 008 121003s1993 xx u000 u spa u 013 $a12054 020 $a84-313-1225-4 040 $aSeMil$bita 100 1 $aSoler, Carlos.$0(OLS)http://semarc/name/20054 245 10$aIglesia y Estado :$bla incidencia del Concilio Vaticano 2. sobre el derecho público externo /$cCarlos Soler. 260 $aPamplona :$bEUNSA,$ccopyr. 1993. 300 $a328 p. ;$c22 cm. 490 0 $aColección Canónica 500 $aContiene : Bibliografía. 650 4$aChiesa e Stato.$0(OLS)http://semarc/subject/1242 650 4$aDiritto ecclesiastico.$0(OLS)http://semarc/subject/933 830 0$aColección Canónica.$0(OLS)http://semarc/title/641 850 $aSeMil 852 $aSeMil$W1$xVenegono$y1$m2J II 212$j7039$B7039$CSeMilBibl$Z2$F7039 $81 961 $aAcquisto: Casa editrice 996 $6020$a84-313-1225-4$9(OLS)http://semarc/number/11349 996 $6245$aIglesia y Estado :$bla incidencia del Concilio Vaticano 2. sobre el derecho público externo$9(OLS)http://semarc/title/58928 996 $6260$aPamplona :$bEUNSA$9(OLS)http://semarc/publisher/30130 LEADER 00859nam a2200217 i 4500 001 000000052435 003 CaOOAMICUS 005 20240430113558.0 008 130214s1737 xx u000 u lat u 013 $a23607 026 $ao-s. 0361 imut cate (3) 1737 (R) 040 $aSeMil$bita 245 10$aTomus 1. 300 $a[16], 731, [1] p. 500 $aFront. stampato in rosso e nero 500 $aSegn.: a8 A-2Y8 2Z6 773 0 $aGonzález Téllez, Manuel $tD. D. Emanuelis Gonzales Tellez, ... Commentaria perpetua in singulos textus quinque librorum Decretalium Gregorii 9. Tomus 1. [-5.].$dMaceratae ; Venetiis : Apud Nicolaum Pezzana, 1737.$g1$w()27403 850 $aSeMil 852 $aSeMil$W1$xVenegono$y1$m2G VI 45 FA$j18589$B18589$CSeMilBibl$Z2$F18591 $8I 996 $6245$aTomus 1$9(OLS)http://semarc/title/47282